Statistics for Talk - Hozier - All Lyrics

Click here to take the quiz!

General Stats

  • This quiz has been taken 59 times
  • The average score is 195 of 220

Answer Stats

Answer% Correct
be
98%
(Hey,
98%
him
98%
I
98%
I'm
98%
in
98%
me
98%
that
98%
the
98%
yeah)
98%
by
95%
for
95%
he
95%
I'd
95%
love
95%
loved
95%
my
95%
talk
95%
All
93%
being
93%
body
93%
do
93%
her
93%
underground
93%
was
93%
when
93%
would
93%
you
93%
drove
91%
found
91%
got
91%
Imagine
91%
mind
91%
So
91%
things
91%
to
91%
and
89%
And
89%
Eurydice
89%
find
89%
forgiveness
89%
of
89%
out
89%
try
89%
fear
86%
How
86%
immediate
86%
I've
86%
made
86%
now
86%
Orpheus
86%
voice
86%
around
84%
deny
84%
imaginin'
84%
turn
84%
won't
84%
hope
82%
last
82%
need
82%
could
80%
refined
80%
urged
80%
devotee
77%
dreams
77%
grief
77%
mankind
75%
dreadful
73%
choiceless
70%
true
70%
truth
70%
we
70%
myth
68%
sweet
68%
feeling
66%
lost
66%
release
66%
shred
66%
before
64%
Before
64%
one
61%
time
59%
at
57%
final
57%
marries
57%
sea
57%
wave
57%
feels
55%
God
55%
hits,
55%
alone
52%
That's
50%
marvelling
48%
witness
41%

Score Distribution

Percentile by Number Answered

Percent of People with Each Score

Your Score History

You have not taken this quiz